The dragonling : Collector's edition

Bibliographic Details
Main Author: French Koller, Jackie
Format: Book
Published: new York : Aladdin Paperbacks , 2004
Subjects:

MARC

LEADER 00000cam a2200000 7i4500
001 0000001695
005 20151222.0
008 070706
020 |a 074341019X 
090 0 0 |a JF   |b ENG 
100 1 |a French Koller, Jackie 
245 1 0 |a The dragonling :   |b Collector's edition   |c Jackie French Koller 
260 |a new York :   |b Aladdin Paperbacks ,   |c 2004 
500 |a Children ages 10-12 years old (pink) 
650 0 |a Adventure stories 
999 |a 0000960870   |b Book   |c Children Collection   |e Perbadanan Perpustakaan Awam Johor 
999 |a 0000960871   |b Book   |c Children Collection   |e Perbadanan Perpustakaan Awam Johor 
999 |a 0000960872   |b Book   |c Chinese Collection   |e Perbadanan Perpustakaan Awam Johor